01155nam a22002897a 4500003000400000005001700004008004100021040002200062082001800084100002500102245003000127260006000157300002100217366000800238490003100246505009900277505010000376505001200476650005500488650004700543650004800590650004300638650004500681650005600726650004700782700003600829OSt20230616143702.0221006b |||||||| |||| 00| 0 eng d cBiblioteca Lado V a709.05bG851a aGriffin, Timeeditor aArtforum/bInternacional/ aNew Yorkc2014bNew York editorial and business offices c26.5x27cma324p. espa aNoviembrev2014x0864-1315 tCOLUMNSaPassages Books Performance Film Technology On Site Architecture Music Top Ten tFEATURESgImmodest Proposals In Search of Close-up Interiority Complex 1000 Words Openings tReviews 2Tesauro de Arte & ArquitecturaaARTE COMTEMPORANEO 2Tesauro de Arte & ArquitecturaaFOTOGRAFIA 2Tesauro de Arte & ArquitecturaaARTE VISUAL 2Tesauro de Arte & ArquitecturaaLIBROS 2Tesauro de Arte & ArquitecturaaNOTICIAS 2 Tesauro de Arte & ArquitecturaaARTE INTERNACIONAL 2 Tesauro de Arte & ArquitecturaaESCULTURA aNavarreta, Jose Antonioeeditor